| 000 | 00434cam a2200181 4500 | ||
|---|---|---|---|
| 001 | D12909 | ||
| 008 | 090401t1930 xxu||||| |||| 00| 0 eng d | ||
| 035 | _a(Sirsi) u6616 | ||
| 041 | _aeng | ||
| 100 | _aHart, Heber | ||
| 245 | 4 | _aThe law of auction, estate agency valuation and commission | |
| 250 | _a3rd | ||
| 260 |
_aLondon _bStevens & Sons _c1930 |
||
| 350 | _a0 | ||
| 520 | _aShelf 116 | ||
| 942 | _n0 | ||
| 948 | _c04/03/1997 | ||
| 999 |
_c86330 _d86330 |
||